000 00449nam a22001937a 4500
005 20260309120600.0
008 260309b |||||||| |||| 00| 0 eng d
020 _a9789698899042
040 _cUE-CL
082 _a822
_bAl411
100 _aAli Usman
245 _aThe Last metaphor
_c/ Usman Ali
260 _aPakistan
_bNew Line
_c2014
300 _a45
546 _aEnglish
650 _aAthreeactplay
700 _aUsman Ali
942 _cBK
999 _c25907
_d25906